Markov decision processes with applications to finance

Αποθηκεύτηκε σε:
Λεπτομέρειες βιβλιογραφικής εγγραφής
Κύριος συγγραφέας: Bauerle, Nicole
Άλλοι συγγραφείς: Rieder, Ulrich
Μορφή: Βιβλίο
Γλώσσα:English
Δημοσίευση: Heidelberg ; New York : Springer, c2011
Σειρά:Universitext
Θέματα:
Ετικέτες: Προσθήκη ετικέτας
Δεν υπάρχουν, Καταχωρήστε ετικέτα πρώτοι!

MARC

LEADER 00000nam a2200000 i 4500
001 1/65715
008 150203s2011 eng d
020 |a 978-3-642-18323-2 
035 |l 10120844 
040 |a GR-MY-UA  |b gre  |e aacr 
041 0 |a eng 
082 0 |a 519.233  |2 (23) 
100 1 |a Bauerle, Nicole. 
245 1 0 |a Markov decision processes with applications to finance /  |c Nicole Bauerle, Ulrich Rieder 
260 |a Heidelberg ; New York :   |b Springer,   |c c2011 
300 |a xvi, 388 σ.;  |b σχέδια;  |c 24 εκ. 
490 1 |a Universitext 
504 |a Βιβλιογραφία: σ.369-384. Ευρετήριο 
650 0 0 |a Markov processes. 
650 0 0 |a Programming (Mathematics) 
650 0 0 |a Stochastic control theory. 
650 0 0 |a Finance  |x Mathematical models. 
700 1 |a Rieder, Ulrich. 
830 0 |a Universitext 
852 |a INST  |b SAMOS  |e 20150203  |h 519.233 BAU  |p 005300041532  |q 005300041532  |t BK  |y 0 
901 |a BIBL3-2015-1 
909 |a Σ  |b 189863 
922 |a 3ΕΛΗ  |b 201406  |c ΤΜΗΜΑ ΜΑΘΗΜΑΤΙΚΩΝ  |d ΔΙΑΔΡΟΜΕΣ 
970 |a ΚΟΣΙΕΡΗΣ  |b ΧΡΗΣΤΟΣ  |z 2015/02/03